[Event "Sherbrooke-opC"]
[Site "Sherbrooke"]
[Date "2005.05.27"]
[Round "1"]
[White "Salvas, Guy"]
[Black "Mercier, Jonathan"]
[Result "0-1"]
[WhiteElo "1429"]
[BlackElo "1125"]
[PlyCount "124"]
[EventDate "2005.05.??"]
[EventType "swiss"]
[EventRounds "5"]
[EventCountry "CAN"]
[SourceTitle "CBM 106 Extra"]
[Source "ChessBase"]
[SourceDate "2005.07.01"]
[SourceVersion "1"]
[SourceVersionDate "2005.07.01"]
[SourceQuality "1"]

1. e4 c5 2. Nf3 Nc6 3. d4 cxd4 4. Nxd4 d6 5. Be2 Nf6 6. Nc3 g6 7. Be3 Bg7 8. h3 0-0 9. Qd2 Bd7 10. Nf3 a6 11. Bh6 Qa5 12. Bxg7 Kxg7 13. a3 Rfc8 14. Bd3 Be6 15. Ng5 Nd4 16. Nxe6+ Nxe6 17. 0-0 Nd4 18. Rfe1 e5 19. Rf1 Nh5 20. g4 Nf3+ 21. Kh1 Nxd2 22. Rfd1 Nf4 23. Rxd2 Nxh3 24. Bf1 Nf4 25. Rad1 Qd8 26. f3 Qh4+ 27. Rh2 Qd8 28. Rdd2 g5 29. Nd1 Qb6 30. b3 Ng6 31. Nb2 Nh4 32. Rhf2 Rc6 33. Nc4 Qd8 34. Nxe5 Rc3 35. Bc4 Qf6 36. Nd7 Qh6 37. Rh2 Rxf3 38. Nb6 Re8 39. Bd3 Rxe4 40. Rd1 Rd4 41. Re1 Rxg4 42. Nc4 Rf2 43. Rh3 Rg3 44. Re3 Rxh3+ 45. Rxh3 g4 46. Rh2 Rxh2+ 47. Kxh2 Nf3+ 48. Kg3 Qh3+ 49. Kf4 h5 50. Bf5 Qh2+ 51. Ke3 g3 52. Kxf3 g2 53. Bd3 Qh3+ 54. Kf2 g1Q+ 55. Kxg1 Qg3+ 56. Kf1 h4 57. Nd2 h3 58. Ne4 Qg4 59. Nf2 Qg2+ 60. Ke1 Qg3 61. Be4 Kf6 62. Bxb7 Ke5 0-1